00614nam a2200181 a 4500008004100000020001500041050001400056100001600070245002200086246001300108250001200121260003000133300002000163350000900183995009300192999001700285952013000302120416s1970 ||||||||||||||||| || u a0719520428 aQC 23 Dun aDuncan, Tom10aExploring physics abook one a2nd ed. aLondonbJohn Murrayc1970 avi, 114p. : ill a0.00 D0.00FCBU-MAIN LIBRARY (Kitwe)H1I1.20M1UDAMAGEDZMain Library Open Access Collection c42967d42967 00102lcc4070a001b001cMain Library Open Access Collectiond2022-11-30l0oQC 23 Dunp012163r2022-11-30w2022-11-30y002